| 000 | 01999nam0a22004571 4500 | ||
|---|---|---|---|
| 001 | v19\rc\1661092 | ||
| 005 | 20260406135603.0 | ||
| 035 | _a(NLR Aleph) 004770525 | ||
| 090 |
_a4626604 _c4626604 |
||
| 100 | _a20061002d1891 |||y0rusy50 ca | ||
| 101 | 0 | _arus | |
| 102 | _aRU | ||
| 105 | _ac z |||cb | ||
| 200 | 1 |
_aИ.А. Крылов _eЕго жизнь и лит. деятельность _eБиогр. очерк С.М. Брилианта _eС портр. И.А. Крылова, грав. в Лейпциге Геданом |
|
| 210 |
_aСанкт-Петербург _cтип. т-ва "Обществ. польза" _d1891 |
||
| 215 |
_a85 с., 1 л. фронт. (портр.) _d18 |
||
| 225 | 1 | _aЖизнь замечательных людей. Биографическая библиотека Ф. Павленкова | |
| 320 | _aБиблиогр.: "Источники, послужившие основанием для биографии И.А. Крылова" (с. 4) | ||
| 532 | 1 | 0 | _aИван Андреевич Крылов |
| 700 | 1 |
_8rus _7ca _aБрилиант _bС. М. _fок.1860-ок.1930 _gСемен Моисеевич _3RU\NLR\AUTH\7793455 _976381 |
|
| 702 | 1 |
_4570 _8rus _7ca _aКрылов _bИ. А. _cбаснописец _f1769-1844 _gИван Андреевич _3RU\NLR\AUTH\772707 _9112715 |
|
| 702 | 1 |
_4440 _8rus _7ca _aГедан _bГ. _cгравер _f19 в. _gГерман _3RU\NLR\AUTH\7775843 _958771 |
|
| 801 | 0 |
_aRU _bNLR _gpsbo |
|
| 801 | 0 |
_aRU _bRuMoRGB _2psbo |
|
| 801 | 1 |
_aRU _bProSoft-M _2rusmarc |
|
| 801 | 2 |
_aRU _bNLR _c20130305 _2rusmarc |
|
| 852 |
_aNLR _j18.16.8.31 |
||
| 852 |
_aNLR _jЛ20 Б-4/6 |
||
| 899 |
_aRuMoRGB _jA 197/405 |
||
| 899 |
_aRuMoRGB _jU 40/962 |
||
| 899 |
_aRuMoRGB _jM 66/91 |
||
| 899 |
_aRuMoRGB _jR 301/157 (вып. 94) |
||
| 899 |
_aRuMoRGB _jT 119/53 |
||
| 899 |
_aRuMoRGB _jРб 7/314 |
||
| 899 | _aБАН | ||
| 899 | _aНБ СПбГУ | ||
| 899 | _aГПИБ | ||
| 899 | _aНБ МГУ | ||
| 942 | _cBOOK | ||
| 980 | _aNB | ||